000 00310nam a2200133Ia 4500
008 231129s2004||||xx |||||||||||||| ||spa||
040 _bspa
082 _aCo864.4 V293s
100 _aVarela Héctor Fabio
245 0 _aEnsayos cotidianos
260 _c2004
264 _aSevar Impresores
942 _2ddc
_cBKS
999 _c13123
_d13123